| 000 | 00941nam a2200265Ia 4500 | ||
|---|---|---|---|
| 003 | GCL | ||
| 005 | 20240530095217.0 | ||
| 008 | 140319s9999 xx 000 0 ara d | ||
| 040 |
_aGCL / _cGCL |
||
| 082 | 0 | 4 |
_a745.6191 _bط/ر ت |
| 100 | 1 | _aرفعت ابراهيم | |
| 245 | 1 | 0 |
_aتعلم اصول الخط العربى : _bدراسة مبسطة لتعليم المبتدئين قواعد الخط العربى / _cرفعت ابراهيم |
| 250 | _aالاولى | ||
| 260 |
_aبيروت : _bدار ومكتبة الهلال للطباعة والنشر ، _c1994 |
||
| 300 |
_a5 مج ؛ _c28 سم |
||
| 650 | 0 | 4 | _aالخط العربى |
| 650 | 0 | 4 | _aالكتابة العربية |
| 650 | 0 | 4 | _aدراسة الخطوط |
| 650 | 0 | 4 | _aالخط الكوفى |
| 650 | 0 | 4 | _aالخط الديوانى |
| 650 | 0 | 4 | _aالخط الرقعة |
| 650 | 0 | 4 | _aالخط الفارسى |
| 650 | 0 | 4 | _aالخط - زخرفة |
| 942 |
_2ddc _cBK |
||
| 999 |
_c4995 _d4995 |
||